TOP 100 PLAYERS 2010'S - Statistics

General Stats
  • This quiz has been taken 37 times
  • The average score is 43 of 99
Answer Stats
Hint Answer % Correct
2 Cristiano Ronaldo
100%
1 Lionel Messi
100%
4 Andres Iniesta
97%
15 Xavi
97%
10 Luis Suarez
83%
8 Manuel Neuer
83%
16 Robert Lewandowski
83%
3 Neymar
80%
7 Sergio Ramos
80%
13 Toni Kroos
80%
5 Zlatan Ibrahimovic
80%
100 Gerard Pique
77%
6 Luka Modric
77%
18 Karim Benzema
73%
14 Kylian Mbappe
73%
25 Gareth Bale
70%
27 Kevin De Bruyne
70%
46 Thiago Silva
70%
29 Thomas Muller
70%
67 Bernardo Silva
67%
34 David Silva
67%
83 Dele Alli
67%
22 Franck Ribery
67%
24 Marcelo
67%
26 Mohamed Salah
67%
21 Sergio Aguero
67%
9 Arjen Robben
63%
62 Jordi Alba
63%
39 Ngolo Kante
63%
55 Sadio Mane
63%
50 Sergio Busquets
63%
59 Wayne Rooney
63%
64 Casemiro
60%
32 Dani Alves
60%
31 Frank Lampard
60%
33 Harry Kane
60%
35 Paul Pogba
60%
49 Virgil van Dijk
60%
20 Angel Di maria
57%
12 Eden Hazard
57%
76 Leonardo Bonucci
53%
52 Marc-Andre Ter stegen
53%
74 Raphael Varane
53%
19 Giorgio Chiellini
50%
86 Steven Gerrard
50%
41 David Villa
47%
56 James Rodriguez
47%
81 Pepe
47%
48 David De gea
43%
57 John Terry
43%
37 Marco Reus
43%
95 Mario Gotze
43%
28 Mesut Ozil
43%
91 Roberto Firmino
43%
63 Robin Van Persie
43%
45 Bastian Schweinsteiger
40%
53 Carlos Tevez
40%
98 Romelu Lukaku
40%
75 Samuel Eto'o
40%
17 Gianluigi Buffon
37%
77 Hugo Lloris
37%
73 Jamie Vardy
37%
96 Keylor Navas
37%
66 Raheem Sterling
37%
60 Isco
33%
61 Jan Oblak
33%
85 Aubameyang
30%
72 Thiago Alcantara
30%
94 Ciro Immobile
27%
40 Radamel Falcao
27%
47 Xabi Alonso
27%
68 Diego Godin
23%
93 Ilkay Gundogan
23%
84 Jordan Henderson
23%
30 Paulo Dybala
23%
44 Mats Hummels
20%
79 Edin Dzeko
17%
87 Koke
17%
70 Alexis Sanchez
10%
69 Alisson Becker
10%
23 Antoinne Griezmann
10%
99 Miralem Pjanic
10%
43 Andrea Pirlo
7%
42 Yaya Toure
7%
78 Dries Mertens
3%
58 Edison Cavani
3%
54 Iker Casillas
3%
97 Maicon
3%
88 Vincent Kompany
3%
38 Wesley Sneijder
3%
71 Arturo Vidal
0%
51 Cesc Fabregas
0%
92 Daniele De Rossi
0%
90 Diego Costa
0%
65 Petr Cech
0%
36 Philipp Lahm
0%
82 Radja Nainggolan
0%
80 Riyadh Mahrez
0%
89 Trent Alex-Arnold
0%
No matching quizzes found
Score Distribution
Percent of People with Each Score
Percentile by Number Answered
Your Score History
You have not taken this quiz